[Event "Mistrovstvi CR senioru nad 60 let"]
[Site "Rychnov nad Kneznou"]
[Date "2015.08.15"]
[Round "1.23"]
[White "Rucka, Alois"]
[Black "Ondrich, Jan"]
[Result "1-0"]
[WhiteElo "1923"]
[BlackElo "1683"]
[PlyCount "45"]
[EventDate "2015.08.15"]

1. d4 d5 2. Nf3 e6 3. c4 Nf6 4. Nc3 a6 5. e3 Be7 6. Bd3 dxc4 7. Bxc4 O-O 8. O-O
Nbd7 9. Qe2 Nb6 10. Bd3 h6 11. Rd1 Nbd5 12. e4 Nxc3 13. bxc3 c5 14. e5 Nd5 15.
Bd2 Bd7 16. a3 Rc8 17. Rdc1 Nb6 18. Qe4 g6 19. Bxh6 Re8 20. Qg4 Bf8 21. Bg5 Be7
22. Qh4 Bxg5 23. Nxg5 1-0

[Event "Mistrovstvi CR senioru nad 60 let"]
[Site "Rychnov nad Kneznou"]
[Date "2015.08.15"]
[Round "1.24"]
[White "Svec, Ludek"]
[Black "Sedlacek, Jan"]
[Result "0-1"]
[WhiteElo "1674"]
[BlackElo "1909"]
[PlyCount "76"]
[EventDate "2015.08.15"]

1. Nf3 Nf6 2. c4 g6 3. g3 Bg7 4. Bg2 O-O 5. O-O d6 6. d4 Nbd7 7. Nc3 c6 8. e4
Qc7 9. Bd2 e5 10. d5 a6 11. a4 Rb8 12. a5 b6 13. b4 bxa5 14. bxa5 Nc5 15. Qc2
Nb3 16. Rab1 Nxd2 17. Nxd2 Bd7 18. Qa2 c5 19. Rb6 Rxb6 20. axb6 Qxb6 21. Rb1
Qa7 22. Qa5 Rb8 23. Rxb8+ Qxb8 24. Qxa6 Qb2 25. Ncb1 Qc1+ 26. Bf1 Bh3 27. Qxd6
Nxe4 28. Qb8+ Bf8 29. Qxe5 Bxf1 30. Nxf1 Qxb1 31. Kg2 Nd6 32. Ne3 Qe4+ 33. Qxe4
Nxe4 34. f4 Bg7 35. Kf3 Nd6 36. g4 Bd4 37. h3 Bxe3 38. Kxe3 Nxc4+ 0-1

[Event "Mistrovstvi CR senioru nad 70 let a nad 80 let"]
[Site "Rychnov nad Kneznou"]
[Date "2015.08.15"]
[Round "1.1"]
[White "Biza, Miroslav"]
[Black "Pecka, Frantisek"]
[Result "0-1"]
[WhiteElo "1783"]
[BlackElo "2069"]
[PlyCount "0"]
[EventDate "2015.08.15"]
[PlyCount "112"]

1. d4 d5 2. Bf4 e6 3. e3 Bd6 4. Bxd6 Qxd6 5. Qg4 g6 6. Nd2 Nd7 7. Ngf3 Ngf6 8.
Qh4 Qb4 9. Rb1 Ne4 10. c3 Qe7 11. Qh6 f5 12. Nxe4 fxe4 13. Ng5 Nf6 14. Be2 Bd7
15. O-O Ng8 16. Qh4 h6 17. f4 Rh7 18. Qg3 hxg5 19. fxg5 O-O-O 20. c4 Qd6 21.
Rf4 e5 22. dxe5 Qxe5 23. cxd5 Ne7 24. d6 Nf5 25. Qf2 Nxd6 26. h4 Nf5 27. Bg4
Nd6 28. Be2 Bb5 29. Bg4+ Kb8 30. b3 a6 31. Rf6 Rg7 32. Rc1 Bd7 33. Bd1 Be6 34.
Qc2 Nf5 35. Qf2 Rgd7 36. Bg4 Nxe3 37. Rxe6 Nxg4 38. Rxe5 Rd1+ 39. Qe1 Rxe1+ 40.
Rxe1 Nxe5 41. Rxe4 Nc6 42. g4 Rh8 43. Re6 Rxh4 44. Rxg6 Rxg4+ 45. Kf2 Ne5 46.
Rg8+ Ka7 47. Ke3 c5 48. Re8 Rxg5 49. Kf4 Nf7 50. Re7 Rg2 51. Kf3 Rg7 52. Kf4
Kb6 53. Re6+ Kb5 54. a4+ Ka5 55. Kf5 Nd8 56. Re5 Rg5+ 0-1

[Event "Mistrovstvi CR senioru nad 70 let a nad 80 let"]
[Site "Rychnov nad Kneznou"]
[Date "2015.08.15"]
[Round "1.2"]
[White "Mesiarik, Rudolf"]
[Black "Reichmann, Pavel"]
[Result "1-0"]
[WhiteElo "2049"]
[BlackElo "1779"]
[PlyCount "0"]
[EventDate "2015.08.15"]
[PlyCount "41"]

1. Nf3 f5 2. g3 Nf6 3. Bg2 g6 4. O-O Bg7 5. c4 d5 6. cxd5 Nxd5 7. Nc3 Nxc3 8.
bxc3 Qd6 9. d4 c6 10. Bf4 Qa3 11. Qc2 Be6 12. Rab1 Qxa2 13. Qxa2 Bxa2 14. Rxb7
O-O 15. Ra1 Bd5 16. Raxa7 Rxa7 17. Rxa7 e6 18. Ng5 c5 19. Bxd5 exd5 20. Ne6 Rf7
21. Bxb8 1-0

[Event "Mistrovstvi CR senioru nad 70 let a nad 80 let"]
[Site "Rychnov nad Kneznou"]
[Date "2015.08.15"]
[Round "1.3"]
[White "Abraham, Karel"]
[Black "Pojedziniec, Wladyslaw"]
[Result "0-1"]
[WhiteElo "1776"]
[BlackElo "2048"]
[PlyCount "0"]
[EventDate "2015.08.15"]
[PlyCount "60"]

1. e4 c5 2. c3 d5 3. e5 d4 4. Nf3 Nc6 5. Bb5 Bd7 6. Bxc6 Bxc6 7. O-O e6 8. a3
Ne7 9. b4 dxc3 10. Nxc3 cxb4 11. axb4 Nd5 12. Nxd5 Qxd5 13. Rb1 Be7 14. Qb3 Rd8
15. b5 Qxb3 16. Rxb3 Bd5 17. Rb1 Bc4 18. Re1 Bc5 19. d4 Be7 20. Be3 O-O 21.
Rec1 Rc8 22. Nd2 Bd3 23. Rxc8 Rxc8 24. Ra1 Bxb5 25. Nb3 a6 26. Nc5 Bc6 27. f3
Kf8 28. Rb1 a5 29. Rb6 Bd8 30. Rb3 a4 0-1

[Event "Mistrovstvi CR senioru nad 70 let a nad 80 let"]
[Site "Rychnov nad Kneznou"]
[Date "2015.08.15"]
[Round "1.4"]
[White "Volf, Jaroslav"]
[Black "Vlasak, Ladislav"]
[Result "1-0"]
[WhiteElo "2045"]
[BlackElo "1771"]
[PlyCount "29"]
[EventDate "2015.08.15"]

1. e4 e6 2. d4 d5 3. Nd2 c5 4. Ngf3 Nc6 5. Bb5 Nf6 6. exd5 Qxd5 7. c4 Qd6 8.
dxc5 Qxc5 9. Nb3 Qb4+ 10. Bd2 Qd6 11. Bc3 Bd7 12. Qe2 Be7 13. Rd1 Qf4 14. O-O
O-O 15. Bxf6 1-0

[Event "Mistrovstvi CR senioru nad 70 let a nad 80 let"]
[Site "Rychnov nad Kneznou"]
[Date "2015.08.15"]
[Round "1.6"]
[White "Most, Zdenek"]
[Black "Strakos, Tomas"]
[Result "1/2-1/2"]
[WhiteElo "2033"]
[BlackElo "1716"]
[PlyCount "48"]
[EventDate "2015.08.15"]

1. d4 d5 2. Nf3 Nf6 3. g3 g6 4. Bg2 Bg7 5. c4 dxc4 6. O-O O-O 7. Ne5 c6 8. Nxc4
Be6 9. Ne5 Bd5 10. f3 Nbd7 11. Nxd7 Nxd7 12. Nc3 Bc4 13. Re1 e5 14. d5 Qb6+ 15.
Kh1 Rad8 16. e4 cxd5 17. Nxd5 Bxd5 18. Qxd5 Nc5 19. Qc4 Rd4 20. Qc2 Nd3 21. Rf1
Nxc1 22. Raxc1 Rfd8 23. Rf2 Qd6 24. h3 Bh6 1/2-1/2

[Event "Mistrovstvi CR senioru nad 70 let a nad 80 let"]
[Site "Rychnov nad Kneznou"]
[Date "2015.08.15"]
[Round "1.7"]
[White "Tobiska, Jaroslav"]
[Black "Macura, Emil"]
[Result "1/2-1/2"]
[WhiteElo "1696"]
[BlackElo "2016"]
[PlyCount "109"]
[EventDate "2015.08.15"]

1. e4 e5 2. Nf3 Nc6 3. d4 exd4 4. Bc4 Be7 5. c3 d6 6. cxd4 Nf6 7. Nc3 O-O 8.
O-O Bg4 9. Be2 Re8 10. Be3 Bh5 11. a3 a6 12. Qc2 Nd7 13. h3 Nb6 14. Rad1 f6 15.
Nh4 Bf7 16. Nf5 Bf8 17. Ng3 d5 18. exd5 Nxd5 19. Nxd5 Bxd5 20. Bc4 Ne7 21. Rfe1
c6 22. Qb3 Bxc4 23. Qxc4+ Qd5 24. Qxd5+ Nxd5 25. Bc1 Kf7 26. Re4 Bd6 27. Rxe8
Rxe8 28. Nf5 Bc7 29. Bd2 g6 30. Ne3 Nxe3 31. fxe3 f5 32. Rf1 Ke6 33. Rf3 h5 34.
Kf2 h4 35. Ke2 g5 36. Be1 Rg8 37. g4 hxg3 38. Bxg3 g4 39. hxg4 fxg4 40. Bxc7
gxf3+ 41. Kxf3 Rg1 42. Ba5 Kd5 43. Bc3 b6 44. e4+ Kc4 45. e5 Kd5 46. Kf4 Rh1
47. Kf5 Rf1+ 48. Kg6 a5 49. Kg5 a4 50. Kg4 c5 51. dxc5 bxc5 52. Kg3 Rf8 53. Kg4
Ke4 54. Kg5 Rf5+ 55. Kg4 1/2-1/2

[Event "Mistrovstvi CR senioru nad 70 let a nad 80 let"]
[Site "Rychnov nad Kneznou"]
[Date "2015.08.15"]
[Round "1.8"]
[White "Skokan, Zdenek"]
[Black "Labik, Jaroslav"]
[Result "1/2-1/2"]
[WhiteElo "1995"]
[BlackElo "1688"]
[PlyCount "45"]
[EventDate "2015.08.15"]

1. e4 c5 2. Nf3 d6 3. d4 cxd4 4. Nxd4 Nf6 5. Nc3 a6 6. g3 e5 7. Nde2 Be6 8. Bg2
Be7 9. Bg5 h6 10. Be3 b5 11. Nd5 Nbd7 12. Qd2 Nxd5 13. exd5 Bf5 14. O-O Rc8 15.
c3 O-O 16. f4 f6 17. Rf2 Nb6 18. b3 Qc7 19. fxe5 fxe5 20. Rxf5 Rxf5 21. Bh3
Rcf8 22. Bxf5 Rxf5 23. Rf1 1/2-1/2

[Event "Mistrovstvi CR senioru nad 70 let a nad 80 let"]
[Site "Rychnov nad Kneznou"]
[Date "2015.08.15"]
[Round "1.9"]
[White "Matoulek, Jaroslav"]
[Black "Chmelik, Jiri"]
[Result "0-1"]
[WhiteElo "1680"]
[BlackElo "1981"]
[PlyCount "58"]
[EventDate "2015.08.15"]

1. e4 c5 2. Nf3 d6 3. c3 Nf6 4. Be2 e6 5. O-O Be7 6. d3 O-O 7. Bg5 b6 8. Nbd2
Bb7 9. Rc1 Nbd7 10. Qa4 h6 11. Bh4 Nh5 12. Bxe7 Qxe7 13. d4 Nf4 14. Rfe1 Nxe2+
15. Rxe2 Rfc8 16. Rce1 cxd4 17. Qxd4 Nf6 18. e5 dxe5 19. Nxe5 Rd8 20. Qh4 Nd5
21. Qg3 Rac8 22. Nb3 Qf6 23. Nd3 Ba6 24. Nbc1 Ne7 25. Re4 Nf5 26. Qh3 Rc4 27.
Rxc4 Bxc4 28. Ne5 Qxe5 29. Ne2 Qxe2 0-1

[Event "Mistrovstvi CR senioru nad 70 let a nad 80 let"]
[Site "Rychnov nad Kneznou"]
[Date "2015.08.15"]
[Round "1.10"]
[White "Bohuslav, Jan"]
[Black "Jedlicka, Eduard"]
[Result "1-0"]
[WhiteElo "1961"]
[BlackElo "1665"]
[PlyCount "47"]
[EventDate "2015.08.15"]

1. e4 d6 2. d4 Nf6 3. Nc3 g6 4. f4 Bg7 5. e5 dxe5 6. fxe5 Bg4 7. Nf3 Nd5 8. Ne4
c6 9. Bc4 O-O 10. Bb3 f5 11. Nc5 Qc8 12. h3 Bh5 13. Bg5 Re8 14. Qd2 b6 15. Nd3
Bxf3 16. gxf3 e6 17. h4 h5 18. c4 Ne7 19. Rg1 Kh7 20. Nf4 Rg8 21. O-O-O Qe8 22.
Nh3 a5 23. Bf6 Qf8 24. Ng5+ 1-0

[Event "Mistrovstvi CR senioru nad 50 let"]
[Site "Rychnov nad Kneznou"]
[Date "2015.08.16"]
[Round "2.1"]
[White "Kozak, Milos"]
[Black "Masek, Jan"]
[Result "1-0"]
[WhiteElo "2160"]
[BlackElo "1963"]
[PlyCount "0"]
[EventDate "2015.08.15"]
[PlyCount "83"]

1. Nf3 Nf6 2. c4 Nc6 3. d4 d5 4. Nc3 e6 5. Bg5 Be7 6. e3 O-O 7. Rc1 Ne4 8. Bxe7
Qxe7 9. cxd5 Nxc3 10. Rxc3 exd5 11. Be2 Nd8 12. Qc2 c6 13. Bd3 g6 14. O-O f5
15. Ne5 Nf7 16. f4 Nd6 17. a3 Ne4 18. Bxe4 fxe4 19. g4 Qh4 20. Qg2 Kg7 21. Qg3
Qxg3+ 22. hxg3 a6 23. Rf2 h6 24. Rh2 Be6 25. Rcc2 Rh8 26. Rh1 Raf8 27. Rch2 Bc8
28. Kf2 Rd8 29. Ke1 Rde8 30. Kd2 Re7 31. g5 h5 32. g4 Rxe5 33. dxe5 Bxg4 34.
Rc1 Kf7 35. b4 Ke7 36. Kc3 Kd7 37. Kd4 Re8 38. a4 Be6 39. Rhc2 b5 40. Rxc6 bxa4
41. Rxa6 Rb8 42. Rd6+ 1-0

[Event "Mistrovstvi CR senioru nad 50 let"]
[Site "Rychnov nad Kneznou"]
[Date "2015.08.16"]
[Round "2.2"]
[White "Kuru, Martin"]
[Black "Urban, Zdenek"]
[Result "0-1"]
[WhiteElo "1935"]
[BlackElo "2128"]
[PlyCount "0"]
[EventDate "2015.08.15"]
[PlyCount "96"]

1. d4 Nf6 2. Nf3 b6 3. Bf4 Bb7 4. e3 e6 5. Bd3 c5 6. c3 Be7 7. O-O O-O 8. Nbd2
d6 9. Qe2 Nbd7 10. e4 cxd4 11. cxd4 Re8 12. Rfd1 a6 13. Rac1 b5 14. e5 Nd5 15.
Bg3 dxe5 16. dxe5 Nc5 17. Bb1 Qb6 18. Ne4 Nxe4 19. Qxe4 g6 20. Qe2 Rac8 21. h4
Rxc1 22. Rxc1 Rc8 23. Rxc8+ Bxc8 24. Qd2 Qc5 25. h5 Bb7 26. Be4 Qc4 27. Bb1 Qg4
28. hxg6 hxg6 29. Qd4 Qxd4 30. Nxd4 Bc5 31. Nf3 Nb6 32. b3 Bxf3 33. gxf3 b4 34.
Be4 Nd5 35. Bxd5 exd5 36. Kf1 Kf8 37. Ke2 Ke7 38. f4 Ke6 39. f3 Kf5 40. Kd3 Bg1
41. Ke2 d4 42. Be1 Kxf4 43. Bxb4 Be3 44. Bd6 d3+ 45. Kxd3 Kxf3 46. b4 g5 47.
Bc5 Bf4 48. Kd4 g4 0-1

[Event "Mistrovstvi CR senioru nad 50 let"]
[Site "Rychnov nad Kneznou"]
[Date "2015.08.16"]
[Round "2.3"]
[White "Elias, Miroslav"]
[Black "Dolezal, Rudolf"]
[Result "1-0"]
[WhiteElo "2083"]
[BlackElo "1758"]
[PlyCount "47"]
[EventDate "2015.08.15"]

1. e4 c5 2. b3 Nc6 3. Bb2 d6 4. Nf3 Nf6 5. Nc3 a6 6. d4 cxd4 7. Nxd4 e5 8. Nxc6
bxc6 9. Bc4 Be7 10. Qe2 Qc7 11. O-O-O Bb7 12. h4 h5 13. Rh3 Bc8 14. Rhd3 Nd7
15. Rg3 g6 16. Ba3 Nb6 17. Qd3 Nxc4 18. bxc4 Bxh4 19. Bxd6 Qa5 20. c5 Qa3+ 21.
Kd2 Bg4 22. Rb1 Bxg3 23. Qxg3 Be6 24. Qxe5 1-0

[Event "Mistrovstvi CR senioru nad 50 let"]
[Site "Rychnov nad Kneznou"]
[Date "2015.08.16"]
[Round "2.4"]
[White "Korinkova, Eva"]
[Black "Humlicek, Vojtech"]
[Result "1-0"]
[WhiteElo "1734"]
[BlackElo "2012"]
[PlyCount "67"]
[EventDate "2015.08.15"]

1. Nf3 c5 2. g3 b6 3. Bg2 Bb7 4. O-O e6 5. d3 d5 6. Nbd2 Nf6 7. Re1 Be7 8. e4
dxe4 9. dxe4 Nxe4 10. Ne5 Nxf2 11. Kxf2 Bxg2 12. Kxg2 Qd5+ 13. Qf3 f6 14. Nd3
Nc6 15. Nf4 Qxf3+ 16. Nxf3 e5 17. Nd5 Rd8 18. c4 Kf7 19. Bd2 Rd7 20. Bc3 Bd6
21. Re3 Nd4 22. Rf1 Re8 23. Ng5+ Kg6 24. Ne4 Be7 25. g4 Bd8 26. Ng3 h6 27. Nf5
Kh7 28. Bxd4 cxd4 29. Nxd4 a6 30. Nc6 Rd6 31. Nxd8 Rexd8 32. Rd1 b5 33. Red3
bxc4 34. Nxf6+ 1-0

[Event "Mistrovstvi CR senioru nad 50 let"]
[Site "Rychnov nad Kneznou"]
[Date "2015.08.16"]
[Round "2.6"]
[White "Plachetka, Milan"]
[Black "Zmeskal, Stanislav"]
[Result "1/2-1/2"]
[WhiteElo "1598"]
[BlackElo "1713"]
[PlyCount "39"]
[EventDate "2015.08.15"]

1. e4 e5 2. Nf3 Nf6 3. Nc3 Bb4 4. d3 Nc6 5. Bd2 O-O 6. Be2 d5 7. exd5 Nxd5 8.
Nxd5 Bxd2+ 9. Qxd2 Qxd5 10. O-O Bd7 11. c4 Qd6 12. h3 Rad8 13. Rad1 Be6 14. Ng5
Bxc4 15. Ne4 Qd5 16. Qg5 f6 17. Nxf6+ Rxf6 18. dxc4 Qc5 19. Rxd8+ Nxd8 20. Qd2
1/2-1/2

[Event "Mistrovstvi CR senioru nad 60 let"]
[Site "Rychnov nad Kneznou"]
[Date "2015.08.16"]
[Round "2.1"]
[White "Sejkora, Vlastimil"]
[Black "Portych, Vaclav"]
[Result "1-0"]
[WhiteElo "2260"]
[BlackElo "1890"]
[PlyCount "0"]
[EventDate "2015.08.15"]
[PlyCount "49"]

1. c4 e5 2. Nc3 Nf6 3. g3 Nc6 4. Bg2 Be7 5. b3 b6 6. e3 Bb7 7. d4 exd4 8. exd4
O-O 9. Nge2 Re8 10. O-O h6 11. d5 Na5 12. Bb2 d6 13. Nd4 Bc8 14. Qd3 Bd7 15. b4
Nb7 16. Nc6 Qc8 17. Rfe1 Bxc6 18. dxc6 Nd8 19. Nd5 Nxd5 20. cxd5 f6 21. Be4 Nf7
22. Bf5 Qd8 23. Be6 a5 24. Qg6 Rf8 25. Re4 1-0

[Event "Mistrovstvi CR senioru nad 60 let"]
[Site "Rychnov nad Kneznou"]
[Date "2015.08.16"]
[Round "2.2"]
[White "Lexa, Vaclav"]
[Black "Vorobyov, Yrij"]
[Result "0-1"]
[WhiteElo "1880"]
[BlackElo "2130"]
[PlyCount "0"]
[EventDate "2015.08.15"]
[PlyCount "60"]

1. d4 d6 2. c4 e5 3. e3 f5 4. g3 Nf6 5. Bg2 Be7 6. Nc3 c6 7. Nf3 e4 8. Nd2 d5
9. cxd5 Nxd5 10. Nc4 Be6 11. Ne5 O-O 12. O-O Nd7 13. Nxd7 Qxd7 14. f3 exf3 15.
Bxf3 Rad8 16. Qe2 Rfe8 17. Bd2 Nb6 18. b3 c5 19. Nb5 c4 20. d5 Nxd5 21. bxc4
Nb6 22. Bd5 Nxd5 23. cxd5 Bxd5 24. Nd4 Bf6 25. Bc3 Qe7 26. Kf2 Qe4 27. Rad1 Bg5
28. Nc2 Qg2+ 29. Ke1 Qxe2+ 30. Kxe2 Bc4+ 0-1

[Event "Mistrovstvi CR senioru nad 60 let"]
[Site "Rychnov nad Kneznou"]
[Date "2015.08.16"]
[Round "2.3"]
[White "Salac, Jiri"]
[Black "Vlachopulos, Georgis"]
[Result "1/2-1/2"]
[WhiteElo "2128"]
[BlackElo "1878"]
[PlyCount "0"]
[EventDate "2015.08.15"]
[PlyCount "128"]

1. d4 Nf6 2. Bf4 e6 3. e3 c5 4. c3 d5 5. Nd2 Nc6 6. Ngf3 Be7 7. h3 O-O 8. Bd3
a5 9. a4 b6 10. Qe2 c4 11. Bc2 Ba6 12. e4 dxe4 13. Nxe4 Nd5 14. Bh2 Re8 15. O-O
Rc8 16. Rfe1 Nb8 17. Ne5 Nd7 18. Qf3 Nxe5 19. Bxe5 f5 20. Nd2 Bf6 21. Qe2 Qd7
22. Nf3 Qf7 23. Bh2 Bb7 24. Ne5 Bxe5 25. Qxe5 Qg6 26. Qg3 Qh6 27. Re2 Nf6 28.
f3 Nd5 29. Rae1 Qf6 30. Qd6 Rcd8 31. Qe5 Kf7 32. Kf2 Qxe5 33. Rxe5 g6 34. Bg3
Bc6 35. Bh2 h6 36. g4 Rc8 37. h4 fxg4 38. fxg4 Nf6 39. Kg3 Nd7 40. R5e2 Bd5 41.
g5 hxg5 42. hxg5 Kg7 43. Kg4 Rf8 44. Bf4 Rf7 45. Rf2 Rcf8 46. Re3 Rh8 47. Rh3
Rxh3 48. Kxh3 Rf8 49. Kg3 Rh8 50. Rh2 Rxh2 51. Kxh2 Kf7 52. Bd6 Kg7 53. Kg3 Kf7
54. Kf4 Kg7 55. Be5+ Kf7 56. Bh8 Kg8 57. Bf6 Kf7 58. Bd8 Kg7 59. Bc7 Kf7 60.
Be5 Nf8 61. Bb1 Nd7 62. Bc2 Nf8 63. Bd1 Nd7 64. Bd6 Ke8 1/2-1/2

[Event "Mistrovstvi CR senioru nad 60 let"]
[Site "Rychnov nad Kneznou"]
[Date "2015.08.16"]
[Round "2.4"]
[White "Lorenc, Oldrich"]
[Black "Oburka, Vladislav"]
[Result "1-0"]
[WhiteElo "2050"]
[BlackElo "1874"]
[PlyCount "0"]
[EventDate "2015.08.15"]
[PlyCount "81"]

1. Nf3 Nf6 2. g3 d5 3. Bg2 g6 4. O-O Bg7 5. c4 c6 6. d3 O-O 7. Nc3 dxc4 8. dxc4
Qxd1 9. Rxd1 Bf5 10. Nd4 Bc8 11. b3 Nbd7 12. Bb2 Re8 13. e4 e5 14. Nc2 Nf8 15.
Rd2 Nh5 16. Rad1 f5 17. Ne1 Be6 18. Na4 f4 19. Nc5 b6 20. Nxe6 Nxe6 21. Rd6
fxg3 22. hxg3 c5 23. Bf3 Nd4 24. Bxh5 gxh5 25. Kg2 Rad8 26. Rxd8 Rxd8 27. Nf3
Kf7 28. Bxd4 exd4 29. Ne1 Re8 30. f3 a6 31. Nd3 Bh6 32. Rh1 Kg6 33. e5 b5 34.
f4 bxc4 35. bxc4 Bf8 36. Kf3 Rb8 37. Ke4 Re8 38. f5+ Kg5 39. Nf4 Kg4 40. Nxh5
Kg5 41. Nf6 1-0

[Event "Mistrovstvi CR senioru nad 60 let"]
[Site "Rychnov nad Kneznou"]
[Date "2015.08.16"]
[Round "2.5"]
[White "Innemann, Frantisek"]
[Black "Uhmann, Jan"]
[Result "0-1"]
[WhiteElo "1877"]
[BlackElo "2019"]
[PlyCount "0"]
[EventDate "2015.08.15"]
[PlyCount "86"]

1. e4 e5 2. Nf3 Nc6 3. c3 Nf6 4. d3 Be7 5. Be2 O-O 6. O-O d5 7. exd5 Nxd5 8. h3
Be6 9. Nbd2 f5 10. Nc4 Bf6 11. Nh2 Nb6 12. Ne3 Qd6 13. Qc2 Rad8 14. Rd1 Kh8 15.
Bf3 f4 16. Nef1 Bf5 17. Be2 g6 18. b3 Rfe8 19. Bb2 Qc5 20. Rac1 e4 21. dxe4
Rxd1 22. Qxd1 Bxe4 23. Bf3 Bf5 24. Bg4 h5 25. Bxh5 Rd8 26. Qf3 gxh5 27. Qxh5+
Kg7 28. Qf3 Qe5 29. Ng4 Bxg4 30. Qxg4+ Qg5 31. c4 Qxg4 32. Bxf6+ Kxf6 33. hxg4
Rg8 34. f3 Rd8 35. Kf2 Ne5 36. Ke2 Re8 37. Kd2 c5 38. Kc3 Nc6 39. Rd1 Re2 40.
g3 Nb4 41. Rd2 Re1 42. Rf2 Rc1+ 43. Kd2 Rc2+ 0-1

[Event "Mistrovstvi CR senioru nad 60 let"]
[Site "Rychnov nad Kneznou"]
[Date "2015.08.16"]
[Round "2.6"]
[White "Hlavac, Frantisek"]
[Black "Truksa, Vaclav"]
[Result "1/2-1/2"]
[WhiteElo "2010"]
[BlackElo "1857"]
[PlyCount "0"]
[EventDate "2015.08.15"]
[PlyCount "138"]

1. e4 c5 2. Nc3 Nc6 3. g3 e6 4. Bg2 Nf6 5. Nge2 Be7 6. O-O d5 7. exd5 exd5 8.
d4 cxd4 9. Nb5 O-O 10. Nbxd4 Bg4 11. f3 Bh5 12. Kh1 h6 13. Be3 a6 14. Qd2 Bg6
15. c3 Bc5 16. Bg1 Bd6 17. Rad1 Qc7 18. Nb3 Rad8 19. Ned4 Rfe8 20. Rfe1 Rxe1
21. Rxe1 Nh5 22. Bf2 Ne5 23. Kg1 Nc4 24. Qc1 Ne5 25. Rd1 Nd3 26. Qd2 Nxf2 27.
Qxf2 Qb6 28. Rd2 Re8 29. Ne2 Qxf2+ 30. Kxf2 Nf6 31. Ned4 Bc7 32. Re2 Rxe2+ 33.
Kxe2 b6 34. Bh3 Bb1 35. Nc1 Ne8 36. Bc8 a5 37. Nb5 Bb8 38. Bb7 Nf6 39. Ke3 g5
40. Kd4 g4 41. f4 Be4 42. Nb3 h5 43. Nd2 Bg2 44. Bc8 h4 45. Bf5 hxg3 46. hxg3
Nh5 47. Bxg4 Nxg3 48. Ke3 Nf1+ 49. Nxf1 Bxf1 50. Nd4 b5 51. Bf3 b4 52. cxb4
axb4 53. Bxd5 Ba7 54. Bf3 Bh3 55. Bd5 Bf1 56. Bb3 Kg7 57. Bc2 Kf6 58. Bd3 Bh3
59. Ke4 Bg2+ 60. Ke3 Bh3 61. Ke4 Bg2+ 62. Nf3 Bxf3+ 63. Kxf3 Ke7 64. Ke4 f6 65.
Kd5 Bb8 66. f5 Be5 67. b3 Bc3 68. Kc4 Bd2 69. Kb5 Kd6 1/2-1/2

[Event "Mistrovstvi CR senioru nad 60 let"]
[Site "Rychnov nad Kneznou"]
[Date "2015.08.16"]
[Round "2.7"]
[White "Just, Pavel"]
[Black "Pittermann, Jan"]
[Result "1/2-1/2"]
[WhiteElo "1999"]
[BlackElo "1832"]
[PlyCount "0"]
[EventDate "2015.08.15"]
[PlyCount "35"]

1. e4 c5 2. Nf3 Nc6 3. c4 d6 4. d4 cxd4 5. Nxd4 e5 6. Nc2 f5 7. Nc3 Nf6 8. Bg5
Be7 9. Bxf6 Bxf6 10. Be2 O-O 11. O-O a6 12. exf5 Bxf5 13. Ne3 Bg6 14. Bf3 Rb8
15. Bxc6 bxc6 16. b3 e4 17. Rc1 Be5 18. g3 1/2-1/2

[Event "Mistrovstvi CR senioru nad 60 let"]
[Site "Rychnov nad Kneznou"]
[Date "2015.08.16"]
[Round "2.8"]
[White "Franc, Lubor"]
[Black "Trojan, Lubos"]
[Result "0-1"]
[WhiteElo "1841"]
[BlackElo "1998"]
[PlyCount "99"]
[EventDate "2015.08.15"]

1. e4 e6 2. d4 d5 3. e5 c5 4. c3 Ne7 5. Nf3 Nec6 6. Be2 Be7 7. O-O O-O 8. Be3
Nd7 9. a3 f6 10. exf6 gxf6 11. dxc5 Nxc5 12. Bh6 Rf7 13. Nd4 Bf8 14. Nxc6 bxc6
15. Bxf8 Qxf8 16. Nd2 e5 17. b4 Ne6 18. g3 Rg7 19. Bf3 f5 20. Bg2 e4 21. f4 Ba6
22. Re1 Bd3 23. Nf1 Qf6 24. Rc1 Bxf1 25. Rxf1 Rd8 26. Qe2 c5 27. Qa6 Qe7 28.
Rfd1 Rf7 29. Kh1 Rd6 30. Qb5 Qd7 31. Qxd7 Rdxd7 32. h3 Kg7 33. Rd2 d4 34. cxd4
cxd4 35. Rc6 Rfe7 36. Bf1 d3 37. Kg2 Nd4 38. Rc4 Nb3 39. Rd1 Rc7 40. Rxc7 Rxc7
41. Bxd3 exd3 42. Rxd3 Nc1 43. Rd5 Kf6 44. Rd6+ Kf7 45. Rd5 Ke6 46. Re5+ Kf6
47. g4 fxg4 48. hxg4 Nd3 49. Rf5+ Ke6 50. Kg3 0-1

[Event "Mistrovstvi CR senioru nad 60 let"]
[Site "Rychnov nad Kneznou"]
[Date "2015.08.16"]
[Round "2.9"]
[White "Vesely, Emanuel"]
[Black "Ondrejat, Miroslav"]
[Result "1/2-1/2"]
[WhiteElo "1813"]
[BlackElo "1992"]
[PlyCount "100"]
[EventDate "2015.08.15"]

1. c4 g6 2. g3 Bg7 3. Bg2 e5 4. Nc3 Ne7 5. d3 O-O 6. Nf3 Nbc6 7. O-O d6 8. e4
f5 9. Nd5 h6 10. Nxe7+ Qxe7 11. Nh4 Qe8 12. exf5 gxf5 13. Bd5+ Kh7 14. Be3 Bf6
15. Ng2 Ne7 16. Bf3 Qg6 17. d4 Qg7 18. dxe5 dxe5 19. Bc5 e4 20. Bh5 Be6 21. Qc2
b6 22. Nf4 Bf7 23. Bxe7 Bxe7 24. Bxf7 Qxf7 25. Rad1 Bd6 26. Nd5 Rae8 27. Rfe1
Qg6 28. Kh1 h5 29. Qd2 Qg4 30. Qe2 Kg6 31. Ne3 Qxe2 32. Rxe2 h4 33. Rg1 hxg3
34. fxg3 Bc5 35. Rf1 Bxe3 36. Rxe3 c5 37. Kg2 Rd8 38. Rf2 Rd4 39. b3 Rfd8 40.
Ree2 Kg5 41. Rf4 Rd2 42. Rff2 Rxe2 43. Rxe2 Kf6 44. Kf2 Ke5 45. Ke1 f4 46.
gxf4+ Kxf4 47. Rf2+ Ke3 48. Re2+ Kf3 49. Rf2+ Ke3 50. Re2+ Kf3 1/2-1/2

[Event "Mistrovstvi CR senioru nad 60 let"]
[Site "Rychnov nad Kneznou"]
[Date "2015.08.16"]
[Round "2.10"]
[White "Briza, Jiri"]
[Black "Bainhofner, Jiri"]
[Result "1-0"]
[WhiteElo "1947"]
[BlackElo "1761"]
[PlyCount "95"]
[EventDate "2015.08.15"]

1. b3 d6 2. Bb2 e5 3. e3 Nc6 4. Bb5 Bd7 5. d4 exd4 6. exd4 Qe7+ 7. Qe2 O-O-O 8.
Qxe7 Ngxe7 9. Nd2 Nd5 10. O-O-O Be7 11. Ngf3 a6 12. Bc4 Be6 13. Rhe1 Kd7 14.
Ne4 b5 15. Bf1 Na5 16. Nfg5 h6 17. Nxe6 fxe6 18. Nc3 Nf6 19. g3 g5 20. Ne4 Rde8
21. Bh3 d5 22. Nc5+ Bxc5 23. dxc5 Rhf8 24. Bxf6 Rxf6 25. Rxd5+ Kc6 26. Rde5
Rxf2 27. Bxe6 Rd8 28. b4 Rdd2 29. bxa5 Rxc2+ 30. Kb1 b4 31. Bb3 Rb2+ 32. Kc1
Kb5 33. c6+ Kxc6 34. Re6+ Kb7 35. Bd5+ Ka7 36. Rc6 Rbe2 37. Rxe2 Rxe2 38. Rxa6+
Kxa6 39. Bc4+ Kxa5 40. Bxe2 Kb6 41. Kd2 Kc5 42. Kd3 Kd5 43. Bf3+ Kc5 44. g4 Kb5
45. Bd5 Kc5 46. Bc4 c6 47. h3 Kd6 48. Kd4 1-0

[Event "Mistrovstvi CR senioru nad 60 let"]
[Site "Rychnov nad Kneznou"]
[Date "2015.08.16"]
[Round "2.11"]
[White "Rosendorf, Oldrich"]
[Black "Rucka, Alois"]
[Result "0-1"]
[WhiteElo "1534"]
[BlackElo "1923"]
[PlyCount "64"]
[EventDate "2015.08.15"]

1. Nf3 c5 2. b3 d6 3. Bb2 Nf6 4. c4 e5 5. d3 Nc6 6. g3 Be6 7. Bg2 Qd7 8. Nc3
Be7 9. Ng5 Bf5 10. h3 O-O 11. e4 Bg6 12. Qd2 h6 13. Nf3 Bd8 14. O-O Ba5 15. Qc2
Nd4 16. Qd1 Bh5 17. g4 Bg6 18. Nxd4 cxd4 19. Ne2 b5 20. Rc1 bxc4 21. bxc4 Rab8
22. Qc2 h5 23. f3 Rfc8 24. Ng3 d5 25. gxh5 Bh7 26. Qe2 dxc4 27. Rb1 c3 28. Ba1
Qa4 29. Rbc1 Bb4 30. Qc2 Qa6 31. a4 Nd7 32. Rf2 Nc5 0-1

[Event "Mistrovstvi CR senioru nad 60 let"]
[Site "Rychnov nad Kneznou"]
[Date "2015.08.16"]
[Round "2.12"]
[White "Sedlacek, Jan"]
[Black "Zikavsky, Rudolf"]
[Result "1-0"]
[WhiteElo "1909"]
[BlackElo "1645"]
[PlyCount "39"]
[EventDate "2015.08.15"]

1. e4 e5 2. Nf3 Nc6 3. Bb5 d6 4. d4 exd4 5. Nxd4 Bd7 6. Nc3 Be7 7. O-O h6 8.
Nd5 Bg5 9. f4 Bf6 10. Nxf6+ Nxf6 11. e5 dxe5 12. fxe5 Nh7 13. e6 fxe6 14. Qh5+
Ke7 15. Rf7+ Kd6 16. Bf4+ e5 17. Nxc6 Qe8 18. Bxe5+ Kc5 19. Bd4+ Kd6 20. Bc5+
1-0

[Event "Mistrovstvi CR senioru nad 60 let"]
[Site "Rychnov nad Kneznou"]
[Date "2015.08.16"]
[Round "2.13"]
[White "Novotny, Josef"]
[Black "Vejvoda, Jindrich"]
[Result "1-0"]
[WhiteElo "2150"]
[BlackElo "1572"]
[PlyCount "41"]
[EventDate "2015.08.15"]

1. e3 Nf6 2. d3 d6 3. Nf3 e5 4. g3 Bg4 5. Bg2 Nc6 6. h3 g6 7. hxg4 Nxg4 8. Nc3
Nf6 9. e4 Bg7 10. Bg5 Ne7 11. Qd2 c6 12. a4 Qc7 13. Ra3 Nd7 14. b4 a6 15. a5
Nf8 16. Bh3 h6 17. Be3 Qb8 18. d4 Qd8 19. Na4 Nc8 20. dxe5 dxe5 21. Rd3 1-0